[Event "Bandarabbas Sahel Cup 17th"]
[Site "Bandarabbas"]
[Date "2016.03.11"]
[Round "8.3"]
[White "Shayan Sharif, Morteza"]
[Black "Latifpour, Mohammad"]
[Result "1-0"]
[WhiteElo "1756"]
[BlackElo "1815"]
[PlyCount "177"]
[EventDate "2016.03.06"]
[EventType "swiss"]
[EventRounds "9"]
[EventCountry "IRI"]
[SourceTitle "EXT 2024"]
[Source "ChessBase"]
[SourceDate "2023.10.10"]
[SourceVersion "1"]
[SourceVersionDate "2023.10.10"]
[SourceQuality "1"]

1. c4 e5 2. Nc3 Nf6 3. Nf3 Nc6 4. e4 Bc5 5. Nxe5 Nxe5 6. d4 Bb4 7. dxe5 Nxe4 8. Qd4 Nxc3 9. bxc3 Be7 10. Qg4 Kf8 11. Qg3 d6 12. Bf4 dxe5 13. Bxe5 Bf6 14. Be2 Bxe5 15. Qxe5 Qe7 16. Qh5 g6 17. Qh6+ Kg8 18. 0-0 Be6 19. Rfe1 Qf6 20. Bf3 Rb8 21. Re3 Bxc4 22. Rae1 Bb5 23. c4 Bc6 24. Bd5 Rf8 25. Rf3 Qg7 26. Qxg7+ Kxg7 27. Bxc6 bxc6 28. Re7 Kh6 29. Rxc7 Rb8 30. g3 f5 31. Rxc6 Rhc8 32. Rxc8 Rxc8 33. Rc3 Kg5 34. Kf1 Kf6 35. Ke2 Ke5 36. Ke3 Rd8 37. f4+ Ke6 38. Ra3 Rd7 39. Ra6+ Kf7 40. c5 Ke7 41. c6 Rc7 42. Kd4 Kd6 43. h3 h6 44. h4 h5 45. a3 Rc8 46. Rxa7 Rxc6 47. Rg7 Rc1 48. Rxg6+ Ke7 49. Rg5 Ra1 50. Ke5 Rxa3 51. Kxf5 Kf7 52. Rxh5 Rxg3 53. Rg5 Rh3 54. Kg4 Rh1 55. Kh5 Rf1 56. Rg4 Kf6 57. Kh6 Ra1 58. Rg8 Kf7 59. Rb8 Ra6+ 60. Kg5 Rg6+ 61. Kf5 Rf6+ 62. Kg4 Rg6+ 63. Kh3 Rg1 64. h5 Kf6 65. Rf8+ Kg7 66. Rf5 Kh6 67. Kh4 Rh1+ 68. Kg4 Rg1+ 69. Kf3 Rb1 70. Rd5 Rb4 71. Kg4 Rb6 72. Rd4 Ra6 73. f5 Ra1 74. Rd6+ Kg7 75. h6+ Kh7 76. Kg5 Rg1+ 77. Kf6 Ra1 78. Ke7 Ra7+ 79. Rd7 Ra2 80. Ke8+ Kxh6 81. f6 Re2+ 82. Re7 Ra2 83. Kf8 Kg6 84. f7 Ra8+ 85. Re8 Ra7 86. Re6+ Kh7 87. Rf6 Ra6 88. Re6 Ra7 89. Re7 1-0